| 000 | 00560nam a2200217 a 4500 | ||
|---|---|---|---|
| 001 | BRL_717 | ||
| 005 | 20190321142931.0 | ||
| 008 | 300913s1932----gw-#######---#000-0#ger-# | ||
| 041 | _ager | ||
| 044 | _agw | ||
| 050 | 4 | _b.M69 1932 | |
| 100 | 1 |
_aMozart, W. A. _924732 |
|
| 245 | 1 | 0 |
_aDie zauberFlöte Oper in swei Aufzügen _cvon W. A. Mozart. |
| 260 |
_aLeipzig _bPhilipp Reclam Jun _c1932 |
||
| 300 |
_a92 p. _c16 cm. |
||
| 500 | _aAu809 | ||
| 650 | 1 | 4 |
_aAmadeus Mozart _vOpera _924733 |
| 650 | 1 | 4 |
_aMúsica _vOpera _924734 |
| 902 | _aGRL | ||
| 942 |
_2lcc _cB |
||
| 999 |
_c9529 _d9529 |
||